000 00783nab a2200241 u 4500
001 13276
003 HDC
007 cr bn ---aaaaa
008 210212c mydr|nes 0 a may d
040 _aHDC
245 0 _aColombia minat tarik pelaburan minyak sawit Malaysia
260 _aMalaysia:
_bUtusan Malaysia,
_c2015
336 _atext
_2rdacontent
337 _acomputer
_2rdamedia
338 _aonline resource
_2rdacarrier
650 _ainvestment industry
_97742
650 _apalm oil sectors
_914048
710 _aUtusan Malaysia
856 _zRequest full-text at [email protected]
942 _2lcc
942 _cNEWS
942 _kNSWC 004434
999 _c10592
_d10592